Faculty of Law Library — Cairo University

Official Online Catalog

Recueil des cours. (Record no. 48438)

MARC details
000 -LEADER
fixed length control field 01745nam a2200409 i 4500
003 - CONTROL NUMBER IDENTIFIER
control field EG-GICUC
005 - DATE AND TIME OF LATEST TRANSACTION
control field 20260121101431.0
008 - FIXED-LENGTH DATA ELEMENTS--GENERAL INFORMATION
fixed length control field 251204s1926 fr o|||fr|||| 001 0 fre d
040 ## - CATALOGING SOURCE
Original cataloging agency EG-GiCUC
Language of cataloging fre
Transcribing agency EG-GiCUC
Modifying agency EG-GiCUC
Description conventions Rda
041 ## - LANGUAGE CODE
Language code of text/sound track or separate title fre
082 04 - DEWEY DECIMAL CLASSIFICATION NUMBER
Edition number 21
Classification number 341.1
Item number RE
092 04 - LOCALLY ASSIGNED DEWEY CALL NUMBER (OCLC)
Edition number 21
099 ## - LOCAL FREE-TEXT CALL NUMBER (OCLC)
Classification number Law1 11 341.1 RE 1926
245 00 - TITLE STATEMENT
Title Recueil des cours.
Number of part/section of a work 1925,Volume 6.
264 #1 - PRODUCTION, PUBLICATION, DISTRIBUTION, MANUFACTURE, AND COPYRIGHT NOTICE
Place of production, publication, distribution, manufacture Paris :
Name of producer, publisher, distributor, manufacturer Hachette,
Date of production, publication, distribution, manufacture, or copyright notice 1926.
300 ## - PHYSICAL DESCRIPTION
Extent 471 page :
Other physical details Photographs ;
Dimensions 24 cm.
336 ## - CONTENT TYPE
Source rda contenu
Content type term texte
337 ## - MEDIA TYPE
Source rda medias
Media type term Ordinateur
338 ## - CARRIER TYPE
Source transporteur rda
Carrier type term Ressource en ligne
490 1# - SERIES STATEMENT
Series statement Académie de droit international ;
Volume/sequential designation 1925, v.6.
500 ## - GENERAL NOTE
General note 1925 I
504 ## - BIBLIOGRAPHY, ETC. NOTE
Bibliography, etc. note Includes bibliographical references.<br/>
505 ## - FORMATTED CONTENTS NOTE
Formatted contents note Contient les cours de l'Académie y compris :
Title Le problème des limitations de la souveraineté et la théorie de l'abus des droits dans les rapports internationaux /
Statement of responsibility par N. Politis--
Title L'église catholique et le droit des gens /
Statement of responsibility par Georges Goyau --
Title L'influence de la Réforme sur le développement du droit international /
Statement of responsibility par Marc Boegner --
Title La codification du droit international /
Statement of responsibility par Charles De Visscher.
546 ## - LANGUAGE NOTE
Language note Texte en français
650 14 - SUBJECT ADDED ENTRY--TOPICAL TERM
Topical term or geographic name entry element Droit international
Source of heading or term qrmak
650 14 - SUBJECT ADDED ENTRY--TOPICAL TERM
Topical term or geographic name entry element War-Religious aspects.
Source of heading or term qrmak
651 1# - SUBJECT ADDED ENTRY--GEOGRAPHIC NAME
Source of heading or term qrmak
700 1# - ADDED ENTRY--PERSONAL NAME
Personal name Politis, Nicolas,
Dates associated with a name 1872-1942,
Relator term Auteur
700 1# - ADDED ENTRY--PERSONAL NAME
Personal name Goyau, Georges,
Dates associated with a name 1869-1939,
Relator term Auteur
700 1# - ADDED ENTRY--PERSONAL NAME
Personal name Boegner, Marc,
Dates associated with a name 1881-1970,
Relator term Auteur
700 1# - ADDED ENTRY--PERSONAL NAME
Personal name Visscher, Charles de,
Relator term Auteur
710 ## - ADDED ENTRY--CORPORATE NAME
Corporate name or jurisdiction name as entry element Hague Academy of International Law.
830 #0 - SERIES ADDED ENTRY--UNIFORM TITLE
Uniform title recueil des cours ;
Volume/sequential designation 1925, v.6.
856 40 - ELECTRONIC LOCATION AND ACCESS
Uniform Resource Identifier <a href="https://fll.law.cu.edu.eg/fulltext/bks/B11-05162.pdf">https://fll.law.cu.edu.eg/fulltext/bks/B11-05162.pdf</a>
905 ## - Cataloger and Reviser Names
Cataloger Name: Rawan khaled
Revisor Name: Hassnaa
942 ## - ADDED ENTRY ELEMENTS (KOHA)
Source of classification or shelving scheme Dewey Decimal Classification
Suppress in OPAC No
Koha item type Books
Edition 21
Holdings
Withdrawn status Lost status Source of classification or shelving scheme Damaged status Not for loan Collection Home library Current library Date acquired Total checkouts Full call number Barcode Date last seen Copy number Price effective from Koha item type
    Dewey Decimal Classification   Not for loan القانون الدولي العام جــــامعة القــاهرة مكتبة كلية الحقوق - المبنى الرئيسي 07.12.2025   Law1 11 341.1 RE 1926 1105162 C1 B11-05162 07.12.2025 1 07.12.2025 Books
    Dewey Decimal Classification     القانون الدولي العام جــــامعة القــاهرة مكتبة كلية الحقوق - المبنى الرئيسي 07.12.2025   Law1 11 341.1 RE 1926 1105183 C2 B11-05183 07.12.2025 2 07.12.2025 Books
    Dewey Decimal Classification     القانون الدولي العام جــــامعة القــاهرة مكتبة كلية الحقوق - فـرع الشيخ زايد 07.12.2025   Law2 11 341.1 RE 1926 1105017 V6, C3 B11-05017 07.12.2025 3 07.12.2025 Books

© All rights reserved — Faculty of Law, Cairo University